Jugadores México #1 - Estadísticas

Estadísticas generales
  • Esta prueba ha sido intentada 33 veces
  • La puntuación promedio es 11 de 20
Estadísticas de respuestas
Imagen Respuesta % Correcto
Edson Alvarez
93%
Lozano
93%
Ochoa
83%
Raul Jimenez
80%
Santi Gimenez
80%
Julian Araujo
77%
Henry Martin
63%
Lainez
60%
Vega
60%
Quiñones
57%
Huerta
50%
Montes
43%
Israel Reyes
40%
Pineda
40%
Vasquez
40%
Chavez
37%
Erick Sanchez
37%
Gallardo
37%
Romo
37%
Carlos Rodriguez
33%
No se encontraron pruebas coincidentes
Distribución de puntuación
Porcentaje de gente con cada puntuación
Porcentaje por número respondido
Historial de tus puntuaciones
No has intentado esta prueba.